[Event "Bodensee op"]
[Site "Bregenz"]
[Date "2022.05.24"]
[Round "4"]
[White "Vaishali, Ramesh Babu"]
[Black "Hiemer, Bernd"]
[Result "1-0"]
[WhiteElo "2409"]
[BlackElo "2062"]
[PlyCount "65"]
[EventDate "2022.05.21"]
[EventType "swiss"]
[EventRounds "9"]
[EventCountry "AUT"]
[SourceTitle "CBM 208 Extra"]
[Source "ChessBase"]
[SourceDate "2022.07.31"]
[SourceVersion "1"]
[SourceVersionDate "2022.07.31"]
[SourceQuality "1"]

1. e4 d6 2. d4 g6 3. Nc3 Bg7 4. Be3 Nf6 5. Qd2 c6 6. Bh6 0-0 7. h4 b5 8. Bd3 e5 9. dxe5 dxe5 10. Nf3 Re8 11. a4 b4 12. Ne2 Ba6 13. h5 Bxh6 14. Qxh6 Ng4 15. Qd2 Bxd3 16. cxd3 Na6 17. Rc1 Qb6 18. d4 exd4 19. hxg6 hxg6 20. Qf4 f5 21. exf5 Rxe2+ 22. Kxe2 d3+ 23. Kxd3 Nxf2+ 24. Kc2 Nxh1 25. fxg6 Rf8 26. Qh6 Qc7 27. Rxh1 Qg7 28. Qh7+ Qxh7 29. gxh7+ Kh8 30. Ne5 Rf6 31. g4 Nc5 32. g5 Rf2+ 33. Kb1 1-0

[Event "Pardubice Czech op-A 32nd"]
[Site "Pardubice"]
[Date "2021.07.27"]
[Round "5"]
[White "Hiemer, Bernd"]
[Black "Sikorova, Olga"]
[Result "0-1"]
[WhiteElo "2057"]
[BlackElo "2215"]
[PlyCount "60"]
[EventDate "2021.07.23"]
[EventType "swiss"]
[EventRounds "9"]
[EventCountry "CZE"]
[SourceTitle "EXT 2022"]
[Source "ChessBase"]
[SourceDate "2021.10.06"]
[SourceVersion "1"]
[SourceVersionDate "2021.10.06"]
[SourceQuality "1"]

1. e4 e6 2. d3 d5 3. Nd2 c5 4. g3 Nc6 5. Bg2 Nf6 6. Ngf3 b6 7. 0-0 Bb7 8. Re1 Be7 9. e5 Nd7 10. c3 Qc7 11. Qe2 h6 12. a3 g5 13. g4 h5 14. h3 hxg4 15. hxg4 0-0-0 16. b4 f5 17. b5 Na5 18. gxf5 exf5 19. e6 Nf6 20. Qe5 Ng4 21. Qxc7+ Kxc7 22. d4 Rh6 23. Bb2 Rdh8 24. c4 Bf6 25. Rac1 dxc4 26. Bc3 Bd5 27. Bxa5 bxa5 28. e7 Kd7 29. Nxc4 Bxd4 30. Nxd4 Rh1+ 0-1

[Event "Pardubice Czech op-B 30th"]
[Site "Pardubice"]
[Date "2019.07.20"]
[Round "2"]
[White "Lutsko, Artem"]
[Black "Hiemer, Bernd"]
[Result "0-1"]
[WhiteElo "1857"]
[BlackElo "2024"]
[PlyCount "44"]
[EventDate "2019.07.19"]
[EventType "swiss"]
[EventRounds "9"]
[EventCountry "CZE"]
[SourceTitle "EXT 2020"]
[Source "ChessBase"]
[SourceDate "2019.10.17"]
[SourceVersion "1"]
[SourceVersionDate "2019.10.17"]
[SourceQuality "1"]

1. d4 Nf6 2. c4 g6 3. Nc3 Bg7 4. e4 d6 5. Be2 Na6 6. Nf3 Bg4 7. 0-0 0-0 8. e5 Nd7 9. h3 Bxf3 10. Bxf3 dxe5 11. dxe5 Nac5 12. e6 Nxe6 13. Bxb7 Rb8 14. Bd5 Nd4 15. Be3 c5 16. b3 e6 17. Be4 f5 18. Bd3 e5 19. f3 Nf6 20. Bg5 Nxf3+ 21. Rxf3 Qd4+ 22. Re3 f4 0-1

[Event "Pardubice Czech op-B 29th"]
[Site "Pardubice"]
[Date "2018.07.27"]
[Round "8"]
[White "Hiemer, Bernd"]
[Black "Krumina, Linda"]
[Result "0-1"]
[WhiteElo "2014"]
[BlackElo "2086"]
[PlyCount "84"]
[EventDate "2018.07.20"]
[EventType "swiss"]
[EventRounds "9"]
[EventCountry "CZE"]
[SourceTitle "CBM 186 Extra"]
[Source "ChessBase"]
[SourceDate "2018.08.24"]
[SourceVersion "1"]
[SourceVersionDate "2018.08.24"]
[SourceQuality "1"]

1. e4 c5 2. Nc3 e6 3. g3 a6 4. Bg2 Nc6 5. d3 b5 6. Be3 Bb7 7. f4 d6 8. Qd2 Nge7 9. Nf3 Qc7 10. 0-0 Na5 11. Qf2 Rc8 12. f5 exf5 13. Nh4 b4 14. Ne2 Nac6 15. Bh3 Ne5 16. Nxf5 Nxf5 17. Bxf5 Rb8 18. Bh3 Be7 19. Nf4 0-0 20. c3 bxc3 21. bxc3 Bg5 22. Rad1 c4 23. Bb6 Qe7 24. Ba7 Ra8 25. dxc4 Bxe4 26. Bd4 Nf3+ 27. Qxf3 Bxf3 28. Rxf3 Bxf4 29. Rxf4 Qe2 30. Rdf1 Rab8 31. Bf2 Qxa2 32. Bg2 Rb1 33. Bd5 Rxf1+ 34. Kxf1 a5 35. Bd4 Qxh2 36. Rf2 Qxg3 37. Rg2 Qd3+ 38. Kg1 g6 39. Rf2 a4 40. Rf3 Qxf3 41. Bxf3 a3 42. c5 dxc5 0-1

[Event "Pardubice Czech op-B 29th"]
[Site "Pardubice"]
[Date "2018.07.26"]
[Round "7"]
[White "Doberitz, Paul"]
[Black "Hiemer, Bernd"]
[Result "1/2-1/2"]
[WhiteElo "2178"]
[BlackElo "2014"]
[PlyCount "78"]
[EventDate "2018.07.20"]
[EventType "swiss"]
[EventRounds "9"]
[EventCountry "CZE"]
[SourceTitle "CBM 186 Extra"]
[Source "ChessBase"]
[SourceDate "2018.08.24"]
[SourceVersion "1"]
[SourceVersionDate "2018.08.24"]
[SourceQuality "1"]

1. Nf3 g6 2. d4 Bg7 3. Bf4 Nf6 4. e3 d6 5. h3 0-0 6. Bd3 Nbd7 7. Nbd2 a6 8. a4 Qe8 9. Nc4 b6 10. 0-0 Bb7 11. Bh2 Nd5 12. c3 f5 13. Re1 N5f6 14. a5 b5 15. Ncd2 e5 16. e4 f4 17. Qb3+ Kh8 18. c4 exd4 19. cxb5 Nc5 20. Qc2 Nxd3 21. Qxd3 Qxb5 22. Qxb5 axb5 23. Bxf4 Nxe4 24. Nxe4 Rxf4 25. Neg5 c5 26. Re7 Bxf3 27. Nxf3 d3 28. a6 Bxb2 29. Rb1 Bf6 30. Rd7 Rxa6 31. Rxb5 Bg7 32. Rbb7 Ra1+ 33. Kh2 Rxf3 34. gxf3 Be5+ 35. f4 Bxf4+ 36. Kg2 Ra8 37. Rxh7+ Kg8 38. Rbg7+ Kf8 39. Rf7+ Kg8 1/2-1/2

[Event "Bamberg op 1st"]
[Site "Bamberg"]
[Date "2018.05.09"]
[Round "1"]
[White "Mazur, Stefan"]
[Black "Hiemer, Bernd"]
[Result "1-0"]
[WhiteElo "2413"]
[BlackElo "2035"]
[PlyCount "59"]
[EventDate "2018.05.09"]
[EventType "swiss"]
[EventRounds "7"]
[EventCountry "GER"]
[SourceTitle "CBM 184 Extra"]
[Source "ChessBase"]
[SourceDate "2018.06.28"]
[SourceVersion "1"]
[SourceVersionDate "2018.06.28"]
[SourceQuality "1"]

1. e4 d6 2. d4 Nf6 3. Nc3 g6 4. Be3 Bg7 5. Qd2 c6 6. f3 Nbd7 7. g4 e5 8. 0-0-0 0-0 9. d5 c5 10. Bh6 a6 11. h4 b5 12. h5 Nb6 13. Bxg7 Kxg7 14. hxg6 fxg6 15. Qh6+ Kg8 16. Nh3 Ra7 17. Ng5 b4 18. Ne2 c4 19. Ng3 Rg7 20. Ne6 Bxe6 21. dxe6 Ne8 22. Qe3 Rf6 23. g5 Rxe6 24. Nf5 Rb7 25. Bh3 gxf5 26. exf5 Ree7 27. f6 Rec7 28. Be6+ Kh8 29. Qxe5 Rc5 30. Qxc5 1-0

[Event "Leipzig VfB op 25th"]
[Site "Leipzig"]
[Date "2018.03.21"]
[Round "3"]
[White "Hiemer, Bernd"]
[Black "Haufe, Laurin"]
[Result "1-0"]
[WhiteElo "2010"]
[BlackElo "1703"]
[PlyCount "61"]
[EventDate "2018.03.20"]
[EventType "swiss"]
[EventRounds "9"]
[EventCountry "GER"]
[SourceTitle "CBM 183 Extra"]
[Source "ChessBase"]
[SourceDate "2018.04.19"]
[SourceVersion "1"]
[SourceVersionDate "2018.04.19"]
[SourceQuality "1"]

1. e4 c5 2. Nc3 Nc6 3. g3 e6 4. Bg2 g6 5. d3 Bg7 6. Be3 b6 7. Qd2 Bb7 8. Nf3 Nge7 9. Bh6 0-0 10. h4 f6 11. 0-0-0 d5 12. Bh3 f5 13. Bxg7 Kxg7 14. Ng5 Nd4 15. Ne2 Nxe2+ 16. Qxe2 Qd7 17. exf5 exf5 18. Ne6+ Kg8 19. Nxf8 Rxf8 20. Rhe1 Kf7 21. Bg2 Re8 22. Qe5 Bc8 23. Qf4 Qc6 24. Rd2 Be6 25. Qh6 Kg8 26. Rde2 Nc8 27. h5 Bf7 28. Rxe8+ Bxe8 29. Bxd5+ Qxd5 30. Rxe8+ Kf7 31. Qf8# 1-0

[Event "Leipzig VfB op 25th"]
[Site "Leipzig"]
[Date "2018.03.21"]
[Round "2"]
[White "Wichmann, Cliff"]
[Black "Hiemer, Bernd"]
[Result "1-0"]
[WhiteElo "2306"]
[BlackElo "2010"]
[PlyCount "21"]
[EventDate "2018.03.20"]
[EventType "swiss"]
[EventRounds "9"]
[EventCountry "GER"]
[SourceTitle "CBM 183 Extra"]
[Source "ChessBase"]
[SourceDate "2018.04.19"]
[SourceVersion "1"]
[SourceVersionDate "2018.04.19"]
[SourceQuality "1"]

1. d4 g6 2. c4 Bg7 3. e4 d6 4. Nc3 Nd7 5. Nf3 e5 6. Be2 Ne7 7. h4 f5 8. h5 0-0 9. hxg6 hxg6 10. Bg5 c6 11. c5 1-0

[Event "Leipzig VfB op 24th"]
[Site "Leipzig"]
[Date "2017.03.23"]
[Round "5"]
[White "Zaehringer, Daniel"]
[Black "Hiemer, Bernd"]
[Result "1-0"]
[WhiteElo "1920"]
[BlackElo "2036"]
[PlyCount "51"]
[EventDate "2017.03.21"]
[EventType "swiss"]
[EventRounds "9"]
[EventCountry "GER"]
[SourceTitle "EXT 2018"]
[Source "ChessBase"]
[SourceDate "2017.10.13"]
[SourceVersion "1"]
[SourceVersionDate "2017.10.13"]
[SourceQuality "1"]

1. d4 Nf6 2. Bg5 c5 3. d5 Qb6 4. Nc3 Na6 5. Qd2 Qxb2 6. Rb1 Qa3 7. e4 h6 8. Bh4 g5 9. Bg3 Bg7 10. e5 Nh5 11. Rb3 Qa5 12. Bxa6 Nxg3 13. hxg3 bxa6 14. f4 c4 15. Rb1 gxf4 16. gxf4 d6 17. Nf3 Bg4 18. Qe3 0-0 19. Kf2 Rfb8 20. Nd4 dxe5 21. fxe5 Qc7 22. Nc6 Rxb1 23. Rxb1 e6 24. Qf4 h5 25. Qe4 Bf5 26. d6 1-0

[Event "Leipzig VfB op 22nd"]
[Site "Leipzig"]
[Date "2015.03.07"]
[Round "8"]
[White "Hiemer, Bernd"]
[Black "Koenig, Falk"]
[Result "1-0"]
[WhiteElo "2024"]
[BlackElo "2129"]
[PlyCount "101"]
[EventDate "2015.03.03"]
[EventType "swiss"]
[EventRounds "9"]
[EventCountry "GER"]
[SourceTitle "EXT 2016"]
[Source "ChessBase"]
[SourceDate "2015.10.08"]
[SourceVersion "1"]
[SourceVersionDate "2015.10.08"]
[SourceQuality "1"]

1. e4 c5 2. Nc3 Nc6 3. g3 g6 4. Bg2 Bg7 5. d3 d6 6. Be3 e6 7. f4 Nge7 8. Nf3 Rb8 9. 0-0 0-0 10. Qd2 Nd4 11. Rae1 b5 12. Nh4 f5 13. Nd1 b4 14. c3 bxc3 15. bxc3 Ndc6 16. Nf3 Ba6 17. Ng5 Qd7 18. exf5 exf5 19. Bf2 Rf6 20. Qe2 Bc8 21. d4 cxd4 22. cxd4 d5 23. Nf3 Rb6 24. Ne5 Qd6 25. Nb2 Ba6 26. Nbd3 Re6 27. Qd2 Bxd3 28. Qxd3 Nb4 29. Qd2 Ra6 30. Rb1 Rb6 31. Rfc1 Na6 32. Qa5 Qd8 33. Rb3 Bf8 34. Rbc3 Red6 35. h3 Qb8 36. Bf1 Nb4 37. Bg2 Ra6 38. Qc7 Qxc7 39. Rxc7 Rxa2 40. Rb7 a5 41. Rcc7 Re6 42. g4 Nc2 43. Kf1 fxg4 44. hxg4 h5 45. gxh5 Nf5 46. Rxc2 Rxc2 47. Bxd5 Ng7 48. h6 Rc1+ 49. Kg2 Nh5 50. Bxe6+ Kh8 51. Nxg6# 1-0

[Event "Leipzig VfB op 22nd"]
[Site "Leipzig"]
[Date "2015.03.04"]
[Round "2"]
[White "Graf, Alexander"]
[Black "Hiemer, Bernd"]
[Result "1-0"]
[WhiteElo "2597"]
[BlackElo "2024"]
[PlyCount "59"]
[EventDate "2015.03.03"]
[EventType "swiss"]
[EventRounds "9"]
[EventCountry "GER"]
[SourceTitle "EXT 2016"]
[Source "ChessBase"]
[SourceDate "2015.10.08"]
[SourceVersion "1"]
[SourceVersionDate "2015.10.08"]
[SourceQuality "1"]

1. d4 Nf6 2. c4 g6 3. Nc3 Bg7 4. e4 d6 5. f3 0-0 6. Be3 c6 7. Qd2 e5 8. Nge2 a6 9. dxe5 dxe5 10. Qxd8 Rxd8 11. Na4 Nbd7 12. c5 Nf8 13. Nb6 Rb8 14. Nxc8 Rbxc8 15. g3 Rd3 16. Kf2 Rcd8 17. Bh3 Ne8 18. Nc1 Rd1 19. Rxd1 Rxd1 20. Bc8 Rd8 21. Bxb7 Rb8 22. Bxa6 Rxb2+ 23. Be2 Ne6 24. a4 Nd4 25. Ra2 Rxa2 26. Nxa2 Bf8 27. Nb4 Bxc5 28. Nxc6 f6 29. Bc4+ Kf8 30. Bh6+ 1-0

[Event "Wunsiedel op 8th"]
[Site "Wunsiedel"]
[Date "2014.05.30"]
[Round "4"]
[White "Hiemer, Bernd"]
[Black "Knechtel, Roland"]
[Result "0-1"]
[WhiteElo "2003"]
[BlackElo "2216"]
[PlyCount "106"]
[EventDate "2014.05.29"]
[EventType "swiss"]
[EventRounds "7"]
[EventCountry "GER"]
[SourceTitle "CBM 160 Extra"]
[Source "ChessBase"]
[SourceDate "2014.07.01"]
[SourceVersion "1"]
[SourceVersionDate "2014.07.01"]
[SourceQuality "1"]

1. e4 c6 2. d3 g6 3. g3 Bg7 4. Bg2 e5 5. Ne2 f5 6. Nd2 Nf6 7. 0-0 d5 8. c4 d4 9. f4 exf4 10. Rxf4 Bh6 11. e5 Bxf4 12. gxf4 Ng4 13. Nf3 c5 14. b4 Nc6 15. bxc5 Qe7 16. h3 Nh6 17. Nexd4 Qxc5 18. Be3 Nxd4 19. Bxd4 Qe7 20. Ng5 Ng8 21. Bd5 h6 22. Nf7 Rh7 23. Nd6+ Kf8 24. Rb1 Qh4 25. Qf3 g5 26. fxg5 Qxd4+ 27. Kh1 hxg5 28. Nxc8 Qxe5 29. Nd6 Qxd6 30. Qxf5+ Qf6 31. Qxh7 Ne7 32. Bg2 Nf5 33. Qc7 Re8 34. Qc5+ Kg8 35. Kh2 Ne3 36. Re1 Qf4+ 37. Kh1 b6 38. Qc6 Re5 39. Qg6+ Kf8 40. Qd6+ Kg7 41. d4 Ng4 42. Qxe5+ Nxe5 43. dxe5 Qd2 44. Re4 Kf7 45. e6+ Ke7 46. a4 Qd1+ 47. Kh2 Qxa4 48. Kg3 Qc2 49. Bf3 Qd2 50. Kg4 a5 51. Kf5 Qd3 52. Bg4 a4 53. Ke5 a3 0-1

[Event "Leipzig VfB op 21st"]
[Site "Leipzig"]
[Date "2014.03.08"]
[Round "8"]
[White "Richter, Leonard"]
[Black "Hiemer, Bernd"]
[Result "1-0"]
[WhiteElo "2104"]
[BlackElo "2026"]
[PlyCount "61"]
[EventDate "2014.03.04"]
[EventType "tourn"]
[EventRounds "9"]
[EventCountry "GER"]
[SourceTitle "CBM 159 Extra"]
[Source "ChessBase"]
[SourceDate "2014.04.24"]
[SourceVersion "1"]
[SourceVersionDate "2014.04.24"]
[SourceQuality "1"]

1. e4 d6 2. d4 Nf6 3. Nc3 g6 4. Be3 Bg7 5. Qd2 Ng4 6. Bg5 h6 7. Bh4 g5 8. Bg3 Nc6 9. h3 Nf6 10. d5 Ne5 11. Bxe5 dxe5 12. 0-0-0 a6 13. Nf3 Qd6 14. Qe3 Bd7 15. Kb1 b5 16. Nd2 g4 17. Qg3 0-0 18. hxg4 Nxg4 19. f3 b4 20. Nc4 Qc5 21. fxg4 bxc3 22. g5 h5 23. Rxh5 Rab8 24. b3 Rb4 25. Be2 Bg4 26. Qxg4 Rxc4 27. Qf5 Rb8 28. Rf1 f6 29. Qe6+ Kf8 30. Rh8+ Bxh8 31. Bh5 1-0

[Event "Leipzig VfB op 21st"]
[Site "Leipzig"]
[Date "2014.03.08"]
[Round "7"]
[White "Sonntag, Hermann"]
[Black "Hiemer, Bernd"]
[Result "0-1"]
[WhiteElo "2123"]
[BlackElo "2026"]
[PlyCount "82"]
[EventDate "2014.03.04"]
[EventType "tourn"]
[EventRounds "9"]
[EventCountry "GER"]
[SourceTitle "CBM 159 Extra"]
[Source "ChessBase"]
[SourceDate "2014.04.24"]
[SourceVersion "1"]
[SourceVersionDate "2014.04.24"]
[SourceQuality "1"]

1. e4 d6 2. d4 Nf6 3. Nc3 g6 4. Be3 Bg7 5. f3 0-0 6. Qd2 c6 7. g4 h5 8. gxh5 Nxh5 9. Nge2 Nd7 10. Ng3 Ndf6 11. 0-0-0 b5 12. Nce2 Be6 13. Nxh5 Nxh5 14. Ng3 Nf6 15. h4 b4 16. Qxb4 Rb8 17. Qa3 Qc7 18. c3 Rb6 19. h5 Rfb8 20. Rd2 Bc8 21. Rg2 c5 22. dxc5 dxc5 23. Nf5 Bxf5 24. exf5 Qe5 25. Qxc5 Nd5 26. fxg6 Qxe3+ 27. Qxe3 Nxe3 28. gxf7+ Kxf7 29. Rf2 Rd6 30. Be2 Bh6 31. f4 Rf6 32. Rh4 e6 33. c4 Rg8 34. b3 Ng2 35. Rh2 Bxf4+ 36. Rxf4 Nxf4 37. Bf3 Nd3+ 38. Kd2 Rxf3 39. Ke2 Rfg3 40. Rh4 e5 41. h6 Nf4+ 0-1

[Event "Leipzig VfB op 21st"]
[Site "Leipzig"]
[Date "2014.03.05"]
[Round "2"]
[White "Graf, Alexander"]
[Black "Hiemer, Bernd"]
[Result "1-0"]
[WhiteElo "2596"]
[BlackElo "2026"]
[PlyCount "47"]
[EventDate "2014.03.04"]
[EventType "tourn"]
[EventRounds "9"]
[EventCountry "GER"]
[SourceTitle "CBM 159 Extra"]
[Source "ChessBase"]
[SourceDate "2014.04.24"]
[SourceVersion "1"]
[SourceVersionDate "2014.04.24"]
[SourceQuality "1"]

1. d4 Nf6 2. c4 g6 3. Nc3 Bg7 4. e4 d6 5. f3 0-0 6. Be3 c6 7. Bd3 a6 8. Nge2 Nbd7 9. 0-0 Rb8 10. a4 a5 11. Qd2 Ne8 12. Rad1 Nc7 13. f4 Na6 14. f5 Nb4 15. Bb1 Qb6 16. e5 dxe5 17. dxe5 Qa6 18. e6 Ne5 19. exf7+ Kh8 20. fxg6 Nxc4 21. Qc1 Bg4 22. Rf4 h5 23. Rxg4 hxg4 24. Bd4 1-0

[Event "Wunsiedel op 7th"]
[Site "Wunsiedel"]
[Date "2013.05.09"]
[Round "1"]
[White "Seyb, Alexander"]
[Black "Hiemer, Bernd"]
[Result "1-0"]
[WhiteElo "2340"]
[BlackElo "2012"]
[PlyCount "55"]
[EventDate "2013.05.09"]
[EventType "swiss"]
[EventRounds "7"]
[EventCountry "GER"]
[SourceTitle "CBM 154 Extra"]
[Source "ChessBase"]
[SourceDate "2013.06.25"]
[SourceVersion "2"]
[SourceVersionDate "2013.06.25"]
[SourceQuality "1"]

1. e4 d6 2. d4 Nf6 3. Nc3 g6 4. f4 Bg7 5. Nf3 0-0 6. Bd3 Na6 7. 0-0 c5 8. d5 Nc7 9. Qe1 Bd7 10. a4 Bg4 11. Qg3 Bc8 12. f5 Nce8 13. Qh4 Qc7 14. Nb5 Qd8 15. c4 b6 16. Ng5 a6 17. Nc3 Ra7 18. Be3 Bd7 19. Rf3 Rb7 20. Raf1 Qc8 21. g4 b5 22. axb5 axb5 23. Nxb5 Qa8 24. Rh3 Bxb5 25. Nxh7 Bd7 26. Nxf6+ Nxf6 27. Bh6 Rxb2 28. Bxg7 1-0

[Event "Leipzig VfB op 20th"]
[Site "Leipzig"]
[Date "2013.03.09"]
[Round "8"]
[White "Hiemer, Bernd"]
[Black "Brem, Stephan"]
[Result "0-1"]
[WhiteElo "2017"]
[BlackElo "2099"]
[PlyCount "79"]
[EventDate "2013.03.05"]
[EventType "swiss"]
[EventRounds "9"]
[EventCountry "GER"]
[SourceTitle "EXT 2014"]
[Source "ChessBase"]
[SourceDate "2013.11.20"]
[SourceVersion "1"]
[SourceVersionDate "2013.11.20"]
[SourceQuality "1"]

1. Nf3 g6 2. g3 Bg7 3. Bg2 e5 4. 0-0 Nc6 5. d3 d6 6. c3 f5 7. b4 a6 8. Nbd2 Nf6 9. a4 0-0 10. Ba3 Qe7 11. b5 Nd8 12. e4 fxe4 13. dxe4 Nf7 14. Qc2 Bg4 15. h3 Be6 16. Kh2 b6 17. Qd3 a5 18. Nc4 Qd7 19. Ne3 Bh6 20. Bc1 Kg7 21. c4 Nh5 22. Nd5 Bxc1 23. Raxc1 g5 24. Ne1 Nh8 25. Qe2 Nf6 26. f4 Bxd5 27. cxd5 gxf4 28. gxf4 Ng6 29. Nd3 exf4 30. Nxf4 Nxf4 31. Rxf4 Rae8 32. Qb2 Re5 33. Qc3 Rf7 34. Qg3+ Kh8 35. Rcf1 Qe7 36. Qf2 Kg7 37. Bf3 Rg5 38. h4 Qe5 39. Bd1 Ng4+ 40. Kh3 0-1

[Event "Pardubice Czech op-B 23rd"]
[Site "Pardubice"]
[Date "2012.07.20"]
[Round "1"]
[White "Hiemer, Bernd"]
[Black "Golcman, Evgeny"]
[Result "0-1"]
[WhiteElo "2010"]
[BlackElo "2315"]
[PlyCount "63"]
[EventDate "2012.07.20"]
[EventType "swiss"]
[EventRounds "9"]
[EventCountry "CZE"]
[SourceTitle "EXT 2013"]
[Source "ChessBase"]
[SourceDate "2012.11.22"]
[SourceVersion "1"]
[SourceVersionDate "2012.11.22"]
[SourceQuality "1"]

1. Nf3 f5 2. g3 Nf6 3. Bg2 g6 4. c4 Bg7 5. 0-0 0-0 6. Nc3 d6 7. d3 Nc6 8. Bg5 h6 9. Bd2 e5 10. Rb1 a5 11. a3 Be6 12. b4 Qd7 13. Qc2 g5 14. bxa5 Nxa5 15. Rb5 b6 16. Rd1 Nc6 17. a4 g4 18. Nh4 Nd4 19. Qb1 Nxb5 20. axb5 Ra7 21. Qb3 Qf7 22. Rf1 Rd8 23. Nd5 Nxd5 24. cxd5 Bd7 25. f3 gxf3 26. Bxf3 Qe8 27. Bg2 Qh5 28. Bf3 Qe8 29. Bg2 f4 30. Be4 Qh5 31. Nf3 Bh3 32. Rf2 0-1

[Event "Leipzig VfB op 19th"]
[Site "Leipzig"]
[Date "2012.03.06"]
[Round "1"]
[White "Hiemer, Bernd"]
[Black "Urban, Thomas"]
[Result "1-0"]
[WhiteElo "2012"]
[BlackElo "1428"]
[PlyCount "73"]
[EventDate "2012.03.06"]
[EventType "swiss"]
[EventRounds "9"]
[EventCountry "GER"]
[SourceTitle "CBM 147 Extra"]
[Source "ChessBase"]
[SourceDate "2012.04.24"]
[SourceVersion "1"]
[SourceVersionDate "2012.04.24"]
[SourceQuality "1"]

1. e4 d5 2. exd5 Nf6 3. Bb5+ Bd7 4. Be2 Nxd5 5. d4 Bf5 6. Nf3 Nc6 7. 0-0 e6 8. a3 Bd6 9. g3 0-0 10. c4 Nf6 11. Re1 h6 12. b4 a5 13. b5 Na7 14. Bb2 c5 15. bxc6 Nxc6 16. Nc3 b6 17. Qb3 Rb8 18. Rad1 Qe7 19. Nb5 Rfd8 20. d5 Na7 21. Nxd6 Rxd6 22. Be5 exd5 23. c5 Rdd8 24. Bxb8 Rxb8 25. Nd4 Be4 26. cxb6 Nc8 27. Nc6 Qb7 28. Nxb8 Qxb8 29. b7 Nd6 30. f3 Bf5 31. Bd3 Be6 32. Rb1 Nfe8 33. Qb6 Kf8 34. Bb5 Nf6 35. Rec1 Nfe8 36. Bxe8 Kxe8 37. Rc7 1-0

[Event "Schneeberger op 11th"]
[Site "Schneeberg"]
[Date "2011.04.07"]
[Round "7"]
[White "Hiemer, Bernd"]
[Black "Eichner, Christian"]
[Result "1-0"]
[WhiteElo "2039"]
[BlackElo "2106"]
[PlyCount "123"]
[EventDate "2011.04.04"]
[EventType "swiss"]
[EventRounds "7"]
[EventCountry "GER"]
[SourceTitle "EXT 2019"]
[Source "ChessBase"]
[SourceDate "2018.10.10"]
[SourceVersion "1"]
[SourceVersionDate "2018.10.10"]
[SourceQuality "1"]

1. e4 e5 2. Nc3 Nf6 3. g3 Bc5 4. Bg2 0-0 5. Nge2 c6 6. 0-0 d5 7. d3 Be6 8. h3 dxe4 9. dxe4 Qxd1 10. Rxd1 Na6 11. a3 h6 12. b4 Bb6 13. Na4 Rad8 14. Bd2 Bc4 15. Kf1 Bd4 16. c3 Bb3 17. cxd4 Bxa4 18. dxe5 Bxd1 19. Rxd1 Nd7 20. Bc3 Nxe5 21. Ra1 Rfe8 22. f4 Nc4 23. Kf2 Rd3 24. e5 Red8 25. Be4 Re3 26. Bb1 b5 27. a4 Nc7 28. f5 Nd5 29. Bd4 Ra3 30. Ba2 Nxb4 31. Bxc4 Rxa1 32. Bxf7+ Kxf7 33. e6+ Ke7 34. Bxa1 Rd5 35. g4 Nd3+ 36. Ke3 Ne5 37. Nf4 Nc4+ 38. Ke4 Nd6+ 39. Kf3 Rxf5 40. gxf5 Nxf5 41. Kg4 Ne3+ 42. Kf3 Nf5 43. Ke4 Nd6+ 44. Ke5 Nc4+ 45. Kf5 b4 46. Bxg7 b3 47. Bf6+ Kd6 48. e7 Kd7 49. Nd3 Nd6+ 50. Kg6 Ke8 51. Kxh6 Ne4 52. Kg6 c5 53. Nf4 Nd6 54. Nd5 Kd7 55. Be5 Nc4 56. Bc3 Nd6 57. Kf6 Ne4+ 58. Kf7 Ng5+ 59. Kf8 Nh7+ 60. Kg7 Ng5 61. Kg6 Ne4 62. h4 1-0

[Event "Oberliga Nord N 0910"]
[Site "Germany"]
[Date "2010.03.21"]
[Round "8.7"]
[White "Hiemer, Bernd"]
[Black "Rathje, Christian"]
[Result "0-1"]
[WhiteElo "2043"]
[BlackElo "2113"]
[PlyCount "74"]
[EventDate "2009.10.18"]
[EventType "team-tourn"]
[EventRounds "9"]
[EventCountry "GER"]
[SourceTitle "EXT 2011"]
[Source "ChessBase"]
[SourceDate "2010.11.26"]
[SourceVersion "1"]
[SourceVersionDate "2010.11.26"]
[SourceQuality "1"]
[WhiteTeam "Neukloster"]
[BlackTeam "Kiel Meerbauer"]
[WhiteTeamCountry "GER"]
[BlackTeamCountry "GER"]

1. e4 c5 2. Nc3 a6 3. g3 b5 4. Bg2 Bb7 5. d3 Nc6 6. Be3 d6 7. f4 Nf6 8. Nf3 e6 9. h3 Be7 10. 0-0 Qc7 11. Ne2 c4 12. Qe1 cxd3 13. cxd3 Rc8 14. g4 Qb8 15. g5 Nd7 16. d4 Bd8 17. f5 e5 18. h4 Ba5 19. Qg3 Nb4 20. dxe5 dxe5 21. Rad1 Bxe4 22. Nc3 Bc6 23. Qf2 Qb7 24. a3 Nd5 25. Nxd5 Bxd5 26. Nxe5 Bxg2 27. Rxd7 Qxd7 28. Nxd7 Bxf1 29. Nf6+ gxf6 30. Qxf1 0-0 31. gxf6 Rc2 32. Qf3 Kh8 33. Bh6 Re8 34. Be3 Bb6 35. Kf1 Bxe3 36. Qg3 Rc1+ 37. Ke2 Bf4+ 0-1